Loading...

Performance of women entrepreneurs in Thiruvananthapuram district

Bibliographic Details
Main Author: Christudas, Y
Format: Ph.D Thesis
Published: University of Kerala 1992
LEADER 00471nam a2200193 4500
020
082 |a D 114(b) 
100 |a Christudas, Y 
245 |a Performance of women entrepreneurs in Thiruvananthapuram district 
250
260 |a University of Kerala  |c 1992 
300
490
500
590
650
942 |c THES 
999 |c 117881  |d 117881 
952 |0 0  |1 0  |4 0  |6 D_114B  |7 0  |9 131348  |a ECN  |b ECN  |l 0  |o D 114(b)  |p ECND114B  |r 2019-09-25  |w 2019-09-25  |y THES